000 00474nam a22001337a 4500
008 220908b |||||||| |||| 00| 0 eng d
082 _aEnglish Cap no.95
100 _aPorkhrel, Ganesh
245 _aAn exile at home :
_ba close reading of selected poems of Oodgeroo Noonuccal, Derek Walcott and Nissim Ezekiel through Post- Colonial Theory
260 _aThimphu :
_bRoyal Thimphu College,
_c2022.
300 _a41 p.
_c30 cm.
650 _aStudent research work
942 _2ddc
999 _c9115
_d9116